Gray's atlas of anatomy / (Record no. 13858)
[ view plain ]
| 000 -LEADER | |
|---|---|
| fixed length control field | 01473cam a22003854a 4500 |
| 001 - CONTROL NUMBER | |
| control field | 14830881 |
| 003 - CONTROL NUMBER IDENTIFIER | |
| control field | OSt |
| 005 - DATE AND TIME OF LATEST TRANSACTION | |
| control field | 20140310182506.0 |
| 008 - FIXED-LENGTH DATA ELEMENTS--GENERAL INFORMATION | |
| fixed length control field | 070427s2008 paua b 001 0 eng |
| 010 ## - LIBRARY OF CONGRESS CONTROL NUMBER | |
| LC control number | 2007017928 |
| 020 ## - INTERNATIONAL STANDARD BOOK NUMBER | |
| International Standard Book Number | 9780443067211 |
| 035 ## - SYSTEM CONTROL NUMBER | |
| System control number | (DNLM)101305800 |
| 040 ## - CATALOGING SOURCE | |
| Original cataloging agency | DNLM/DLC |
| Transcribing agency | DLC |
| Modifying agency | DLC |
| 042 ## - AUTHENTICATION CODE | |
| Authentication code | pcc |
| 050 00 - LIBRARY OF CONGRESS CALL NUMBER | |
| Classification number | QM 25 |
| Item number | .G72 2008 |
| 060 10 - NATIONAL LIBRARY OF MEDICINE CALL NUMBER | |
| Classification number | QS 17 |
| Item number | G784 2008 |
| 082 00 - DEWEY DECIMAL CLASSIFICATION NUMBER | |
| Classification number | 611.0022/3 |
| 245 00 - TITLE STATEMENT | |
| Title | Gray's atlas of anatomy / |
| Statement of responsibility, etc | Richard L. Drake ... [et al.]. |
| 246 30 - VARYING FORM OF TITLE | |
| Title proper/short title | Atlas of anatomy |
| 250 ## - EDITION STATEMENT | |
| Edition statement | 1st ed. |
| 260 ## - PUBLICATION, DISTRIBUTION, ETC. (IMPRINT) | |
| Place of publication, distribution, etc | Philadelphia : |
| Name of publisher, distributor, etc | Churchill Livingstone, |
| Date of publication, distribution, etc | c2008. |
| 300 ## - PHYSICAL DESCRIPTION | |
| Extent | 558 p. ; |
| Other physical details | mostly col. ill. : |
| Dimensions | 28 cm. |
| 500 ## - GENERAL NOTE | |
| General note | Companion to: Gray's anatomy for students / Richard L. Drake, Wayne Vogl, Adam W.M. Mitchell. 2005. |
| 504 ## - BIBLIOGRAPHY, ETC. NOTE | |
| Bibliography, etc | Includes and index. |
| 505 0# - FORMATTED CONTENTS NOTE | |
| Formatted contents note | The Body -- Back -- Thorax -- Abdomen -- Pelvis and perineum -- Lower limb -- Upper limb -- Head and neck. |
| 650 #0 - SUBJECT ADDED ENTRY--TOPICAL TERM | |
| Topical term or geographic name as entry element | Anatomy |
| Form subdivision | Atlases. |
| 9 (RLIN) | 8862 |
| 650 12 - SUBJECT ADDED ENTRY--TOPICAL TERM | |
| Topical term or geographic name as entry element | Anatomy |
| Form subdivision | Atlases. |
| 9 (RLIN) | 8863 |
| 700 1# - ADDED ENTRY--PERSONAL NAME | |
| Personal name | Drake, Richard L. |
| Fuller form of name | (Richard Lee), |
| Dates associated with a name | 1950- |
| 9 (RLIN) | 8864 |
| 700 1# - ADDED ENTRY--PERSONAL NAME | |
| Personal name | Drake, Richard L. |
| Fuller form of name | (Richard Lee), |
| Dates associated with a name | 1950- |
| Title of a work | Gray's anatomy for students. |
| 9 (RLIN) | 8865 |
| 700 1# - ADDED ENTRY--PERSONAL NAME | |
| Personal name | Gray, Henry, |
| Dates associated with a name | 1825-1861. |
| Title of a work | Gray's anatomy. |
| 9 (RLIN) | 8866 |
| 906 ## - LOCAL DATA ELEMENT F, LDF (RLIN) | |
| a | 0 |
| b | vip |
| c | orignew |
| d | 1 |
| e | ecip |
| f | 20 |
| g | y-gencatlg |
| 942 ## - ADDED ENTRY ELEMENTS (KOHA) | |
| Source of classification or shelving scheme | Library of Congress Classification |
| Koha item type | |
| Withdrawn status | Lost status | Source of classification or shelving scheme | Damaged status | Home library | Current library | Shelving location | Date acquired | Total Checkouts | Total Renewals | Full call number | Barcode | Date last seen | Date checked out | Copy number | Price effective from | Koha item type |
|---|---|---|---|---|---|---|---|---|---|---|---|---|---|---|---|---|
| Library of Congress Classification | South SEED-LPDH College Library | South SEED-LPDH College Library | South SEED-LPDH College Section | 08/07/2013 | 1 | 12 | QM 25 .G72 2008 | SSLC0201 | 05/15/2018 | 07/01/2014 | 1 | 08/07/2013 | Books |